000 01733nam a2200253Ia 4500
008 260220t1981||||xx |||||||||||||| ||spa||
020 _a8430908633
040 _aPY-SlUNAC
_bspa
_erda
041 _aspa
082 _a004
_bM478e
100 _aMcHale, John
_eAutor
245 0 _aEl entorno cambiante de la información /
_cpor John McHale [Autor]
264 _aMadrid :
_bTecnos,
_c℗1981.
300 _a145 páginas
520 _aEn "El entorno cambiante de la información", John McHale analiza cómo la transformación tecnológica y social influye en la gestión y difusión de la información. Publicado en 1981, el autor examina las interacciones entre las innovaciones en los medios de comunicación y su impacto en la cultura y la sociedad. McHale argumenta que la proliferación de fuentes de información, impulsada por avances en la tecnología, ha generado tanto oportunidades como desafíos para la comunicación efectiva. El libro destaca la importancia de adaptar las estrategias de información a un entorno en constante evolución, donde la calidad y la accesibilidad de los datos son fundamentales. A través de un enfoque interdisciplinario, McHale también aborda las implicaciones éticas y sociales de la información en la era moderna, subrayando la necesidad de una ciudadanía informada y crítica. En conjunto, su obra ofrece una visión profunda sobre cómo la información y su gestión se están redefiniendo en un mundo dinámico y globalizado.
653 _aCambio social
653 _aEntorno
653 _aInformación
942 _b2026/02/17
_cBK
999 _c6680
_d6680